| 000 | 00991nam1a22002531i 4500 | ||
|---|---|---|---|
| 001 | rc\3800534 | ||
| 005 | 20240921175915.0 | ||
| 035 | _a(NLR Aleph) 007246813 | ||
| 090 |
_a5162630 _c5162630 |
||
| 100 | _a20120311d1975 |||y0rusy50 ca | ||
| 101 | 0 | _arus | |
| 102 | _aRU | ||
| 105 | _a z ||||| | ||
| 200 | 1 |
_aЭлементы программирования _e[Учеб. пособие] _e[Ч. 1]- _fКиев. высш. инж. радиотехн. училище противовоздуш. обороны |
|
| 210 |
_aКиев _cБ. и. _d1975 |
||
| 215 | _d22 | ||
| 333 | _aДля внутривед. продажи | ||
| 700 | 1 |
_7ca _8rus _aИванов _bА. В. _cинженер, программирование _gАлександр Васильевич _9240890 _3RU\NLR\AUTH\770240946 |
|
| 701 | 1 |
_aЛарин _bЛ.К. _gЛеонид Константинович |
|
| 801 | 0 |
_aRU _bNLR _gpsbo |
|
| 801 | 1 |
_aRU _bELAR _2rusmarc |
|
| 852 |
_aNLR _j76-50К/2860 |
||
| 942 | _cBOOK | ||